000 00491nam a2200193Ia 4500
008 210423s2009 xx 000 0 und d
020 _a9780521577014
041 _aeng
082 _a330 BLAM
100 _aBLAUG (Mark)
245 _aEconomic theory in retrospect
250 _a5
260 _aCambridge
_bCambridge University Press
_c2009
300 _axxv,725
_bPB
365 _b3339
_cINR
650 _aEconomics
650 _aEconomics
906 _aEconomic ; retrospect ; theory
999 _c160176
_d160176